| 000 | 00690nam a2200217 a 4500 | ||
|---|---|---|---|
| 005 | 20250620063838.0 | ||
| 008 | 030812s1968 es r 000 0 spa d | ||
| 035 | _aUPN01000127817 | ||
| 049 | _aCG | ||
| 050 | 4 |
_aHF5691 _bB3.58 |
|
| 100 | 1 | _aBattersby, Albert | |
| 245 | 1 | 0 |
_aMatemáticas para la empresa / _cAlbert Battersby ; tr. Antonio Serra Ramoneda. |
| 260 |
_aBarcelona, Esp. : _bOikos-Tau, _c1968. |
||
| 300 | _a274 p. | ||
| 440 | 0 |
_aClásicos del management ; _v1 |
|
| 534 |
_pTraducción de: _tMathematics in management |
||
| 650 | 4 |
_aMATEMATICAS EN LOS NEGOCIOS _925659 |
|
| 650 | 4 |
_aMATEMATICAS COMERCIALES _925657 |
|
| 650 | 2 |
_aModelos matemáticos _97479 |
|
| 905 | _aLibro | ||
| 999 |
_c99996 _d99996 |
||